[Event "Newport Open"]
[Site "?"]
[Date "2023.09.10"]
[Round "5"]
[White "Cossins-Smith, Joe"]
[Black "Swamy, Anshul"]
[Result "1-0"]
[WhiteElo "1518"]
[BlackElo "1475"]
[PlyCount "42"]
[EventDate "2023.??.??"]
[SourceVersionDate "2023.09.26"]

1. e4 c5 2. Nc3 d6 3. Bc4 Nf6 4. d3 Nc6 5. f4 g6 6. Nf3 Bg4 7. h3 Bxf3 8. Qxf3 Nd4 9. Qf2 Nd7 10. O-O Bg7 11. Nd5 b5 12. Bb3 Nxb3 13. axb3 Bd4 14. Ne3 b4 15. Kh1 Nb6 16. Qf3 a5 17. Nc4 Nxc4 18. dxc4 Ra7 19. Ra4 Qb6 20. Qg4 Qb7 21. f5 Rg8 1-0

[Event "Newport Open"]
[Site "?"]
[Date "2023.09.10"]
[Round "5"]
[White "Ashworth, Robert"]
[Black "Gibbons, Andrew"]
[Result "0-1"]
[WhiteElo "1657"]
[BlackElo "1925"]
[PlyCount "102"]
[EventDate "2023.??.??"]
[SourceVersionDate "2023.09.26"]

1. e4 c5 2. Nf3 g6 3. c3 d5 4. exd5 Qxd5 5. d4 Nf6 6. Bd3 Bg4 7. dxc5 Bxf3 8. Qxf3 Qxf3 9. gxf3 Bg7 10. Be3 Nbd7 11. Nd2 O-O 12. O-O-O Rfc8 13. Nb3 a5 14. a4 Ne5 15. Be4 Nc6 16. Rhe1 Nxe4 17. fxe4 Ne5 18. f4 Ng4 19. Rd7 Nxe3 20. Rxe3 Bh6 21. Kc2 Bxf4 22. Re2 Rc7 23. Red2 Bxh2 24. Rxc7 Bxc7 25. Rd7 Rc8 26. Rxe7 h5 27. Nd4 h4 28. Nf3 h3 29. Rd7 h2 30. Rd1 Bf4 31. Rh1 Rxc5 32. Kd3 Rh5 33. Nd4 g5 34. Ke2 Rh3 35. Nf5 f6 36. Ne7+ Kf7 37. Nd5 Be5 38. Nb6 Ke6 39. Nc4 Bc7 40. Kd2 Rh4 41. Ke3 Rg4 42. Kf2 Rxe4 43. b3 f5 44. Nd2 Rh4 45. Nf3 Rh5 46. Kg2 g4 47. Nd4+ Kf6 48. b4 f4 49. bxa5 f3+ 50. Kf1 Bxa5 51. c4 Bb6 0-1

[Event "Newport Open"]
[Site "?"]
[Date "2023.09.10"]
[Round "5"]
[White "Sanchez, Luis Ortez"]
[Black "Szakmany, Bence"]
[Result "1-0"]
[WhiteElo "1874"]
[BlackElo "1700"]
[PlyCount "83"]
[EventDate "2023.??.??"]
[SourceVersionDate "2023.09.26"]

1. e4 e5 2. Nf3 Nc6 3. Nc3 Nf6 4. g3 Bb4 5. d3 d6 6. Bg2 O-O 7. O-O h6 8. a3 Ba5 9. b4 Bb6 10. Na4 Ne7 11. Re1 Ng6 12. Bb2 Re8 13. Qd2 Bg4 14. h3 Bd7 15. Nxb6 axb6 16. Rad1 c5 17. Kh2 Ra4 18. c3 Qc7 19. Ng1 h5 20. Rc1 Raa8 21. Ne2 h4 22. g4 Nh7 23. Kg1 Re6 24. f4 Nxf4 25. Nxf4 exf4 26. Qxf4 Rf6 27. Qd2 Re8 28. c4 Rg6 29. Qf4 Qc8 30. Kh2 Nf8 31. Rf1 Re7 32. Rce1 cxb4 33. axb4 b5 34. Rc1 bxc4 35. Rxc4 Qd8 36. Qf2 Be6 37. Rc2 Rd7 38. d4 d5 39. exd5 Bxd5 40. Bxd5 Rxd5 41. Qxf7+ Kh7 42. Qxf8 1-0

[Event "Newport Open"]
[Site "?"]
[Date "2023.09.10"]
[Round "5"]
[White "Norris, Zack"]
[Black "Hannigan, Jack"]
[Result "1/2-1/2"]
[WhiteElo "1684"]
[BlackElo "1745"]
[PlyCount "46"]
[EventDate "2023.??.??"]
[SourceVersionDate "2023.09.26"]

1. c4 Nf6 2. Nc3 g6 3. d4 Bg7 4. e4 d6 5. Bf4 O-O 6. Be2 c5 7. d5 Nfd7 8. Nf3 Na6 9. Qd2 Re8 10. O-O Nc7 11. Rad1 a6 12. Bh6 Bh8 13. Bf4 Rb8 14. a4 Nf6 15. e5 Nh5 16. Be3 Bg4 17. h3 Bxf3 18. Bxf3 Ng7 19. exd6 exd6 20. Bf4 Nf5 21. Ne4 Be5 22. Bxe5 Rxe5 23. Qf4 h5 1/2-1/2

[Event "Newport Open"]
[Site "?"]
[Date "2023.09.10"]
[Round "5"]
[White "Smith, Ellison"]
[Black "Hilditch-Love, Daniel"]
[Result "1/2-1/2"]
[WhiteElo "1498"]
[BlackElo "1722"]
[PlyCount "48"]
[EventDate "2023.??.??"]
[SourceVersionDate "2023.09.26"]

1. e4 d6 2. d4 Nf6 3. Nc3 c6 4. Bd3 e5 5. dxe5 dxe5 6. Bg5 Be7 7. Nf3 Nbd7 8. Qd2 O-O 9. O-O-O h6 10. Bxf6 Bxf6 11. Be2 Qe7 12. h4 Nc5 13. g3 Ne6 14. Nh2 Rd8 15. Qe3 Nd4 16. Kb1 b5 17. Bg4 Bxg4 18. Nxg4 h5 19. Nxf6+ Qxf6 20. f4 a5 21. Rd3 b4 22. Na4 Ne6 23. f5 Rxd3 24. Qxd3 Nd4 1/2-1/2

[Event "Newport Open"]
[Site "?"]
[Date "2023.09.10"]
[Round "5"]
[White "Sandbrink, Kai"]
[Black "Lawrence, Spencer"]
[Result "0-1"]
[WhiteElo "1720"]
[BlackElo "1666"]
[PlyCount "116"]
[EventDate "2023.??.??"]
[SourceVersionDate "2023.09.26"]

1. d4 Nf6 2. c4 g6 3. Nf3 Bg7 4. g3 O-O 5. Bg2 d6 6. O-O Nbd7 7. Nc3 c5 8. d5 a6 9. a4 Ne8 10. e4 Ne5 11. Qe2 Nxf3+ 12. Bxf3 e5 13. Bg2 f5 14. f4 Bd7 15. Kh1 Qe7 16. Be3 exf4 17. Bxf4 Be5 18. exf5 Bxf5 19. Bxe5 Qxe5 20. Qxe5 dxe5 21. Be4 Nd6 22. Bxf5 Rxf5 23. Rxf5 gxf5 24. b3 Kf7 25. Re1 Kf6 26. Kg2 b5 27. cxb5 axb5 28. Rc1 bxa4 29. Nxa4 c4 30. Nc5 cxb3 31. Nxb3 Rc8 32. Ra1 Rc2+ 33. Kg1 e4 34. Ra7 Ke5 35. Rxh7 Kxd5 36. Rf7 Rb2 37. Na5 Rb5 38. Ra7 Rb2 39. Re7 Re2 40. h4 Ra2 41. Nb7 Ra7 42. Nxd6 Rxe7 43. Nxf5 Re8 44. Kf2 Rf8 45. g4 Ke5 46. Ke3 Ra8 47. h5 Ra3+ 48. Ke2 Kf4 49. Nd6 Ra2+ 50. Ke1 e3 51. Nc4 Rg2 52. h6 Rxg4 53. Ke2 Rg2+ 54. Kd3 e2 55. Kd2 Kf3 56. Ne5+ Kf2 57. Nd3+ Kf1 58. Ne1 Rh2 0-1

[Event "Newport Open"]
[Site "?"]
[Date "2023.09.10"]
[Round "5"]
[White "Weale, Tom"]
[Black "Davies, Callum"]
[Result "1-0"]
[WhiteElo "1540"]
[BlackElo "1734"]
[PlyCount "91"]
[EventDate "2023.??.??"]
[SourceVersionDate "2023.09.26"]

1. e4 e5 2. Nf3 Nc6 3. c3 f5 4. exf5 Qf6 5. Bb5 d6 6. O-O Bxf5 7. d4 Bd7 8. d5 Nb8 9. Bxd7+ Nxd7 10. Re1 h6 11. Qa4 Ne7 12. c4 g5 13. Nc3 a6 14. Ne4 Qf5 15. b3 Bg7 16. Ba3 b6 17. Bxd6 Kd8 18. Bxe7+ Kxe7 19. Qc6 Rac8 20. d6+ cxd6 21. Qxd6+ Kf7 22. Qd3 Kg6 23. Qd6+ Kh7 24. Rad1 Rhd8 25. Qe7 Nc5 26. Rxd8 Rxd8 27. Qxd8 Nxe4 28. Qd3 g4 29. Qxe4 Qxe4 30. Rxe4 gxf3 31. gxf3 Kg6 32. f4 exf4 33. Rxf4 a5 34. Re4 Kf5 35. Re7 Bd4 36. Kg2 Bc5 37. Rh7 Kg6 38. Rd7 Kf6 39. Kg3 Kg6 40. f3 Kf6 41. Kg4 Ke6 42. Rh7 Ke5 43. Rxh6 Kd4 44. Re6 Kc3 45. f4 Kb2 46. Re2+ 1-0

[Event "Newport Open"]
[Site "?"]
[Date "2023.09.10"]
[Round "5"]
[White "Gore, Bob"]
[Black "Howells, S Wyn"]
[Result "1/2-1/2"]
[WhiteElo "1669"]
[BlackElo "1661"]
[PlyCount "32"]
[EventDate "2023.??.??"]
[SourceVersionDate "2023.09.26"]

1. d4 Nf6 2. Nf3 c5 3. c3 cxd4 4. cxd4 g6 5. Bf4 Bg7 6. h3 O-O 7. e3 Nc6 8. Nbd2 Qa5 9. Be2 d5 10. O-O Bf5 11. a3 Nd7 12. g4 Be6 13. Ng5 Qd8 14. Ndf3 h6 15. Nxe6 fxe6 16. Bd3 g5 1/2-1/2

[Event "Newport Open"]
[Site "?"]
[Date "2023.09.10"]
[Round "5"]
[White "Dixon, Chris"]
[Black "Golley, Andrew"]
[Result "1-0"]
[WhiteElo "1675"]
[BlackElo "1679"]
[PlyCount "47"]
[EventDate "2023.??.??"]
[SourceVersionDate "2023.09.26"]

1. Nf3 c5 2. g3 Nc6 3. Bg2 d5 4. d4 Nf6 5. O-O cxd4 6. Nxd4 e5 7. Nxc6 bxc6 8. c4 Qd6 9. Nc3 Be6 10. cxd5 cxd5 11. Qa4+ Bd7 12. Qa5 Bc6 13. Nb5 Bxb5 14. Qxb5+ Qd7 15. Qxd7+ Kxd7 16. Rd1 Ke6 17. Bh3+ Kd6 18. b3 Kc7 19. Bb2 Bd6 20. Bg2 Kd7 21. Bxd5 Nxd5 22. Rxd5 Ke6 23. Rad1 Rhd8 24. Bxe5 1-0

[Event "Newport Open"]
[Site "?"]
[Date "2023.09.10"]
[Round "5"]
[White "Archibald, Mckenzie"]
[Black "Morgans, Justin"]
[Result "0-1"]
[WhiteElo "1575"]
[BlackElo "1640"]
[PlyCount "73"]
[EventDate "2023.??.??"]
[SourceVersionDate "2023.09.26"]

1. d4 f5 2. Bg5 Nf6 3. Bxf6 exf6 4. Nf3 d5 5. e3 Be7 6. Bd3 O-O 7. c4 c6 8. Nc3 dxc4 9. Bxc4+ Kh8 10. Qb3 Nd7 11. a4 Qa5 12. O-O Nb6 13. Be6 Qb4 14. Qxb4 Bxb4 15. Bxc8 Raxc8 16. Ne2 a5 17. b3 Rfe8 18. h4 g6 19. Rac1 Nd5 20. g3 h6 21. Kg2 Kg7 22. Rc2 Rxe3 23. fxe3 Nxe3+ 24. Kf2 Nxc2 25. Rc1 Na3 26. Nf4 Re8 27. d5 cxd5 28. Nxd5 Be7 29. Rc7 Kf8 30. Nd4 Nb1 31. Ne6+ Kf7 32. Nef4 Nd2 33. Nxg6 Kxg6 34. Nxe7+ Kh5 35. Nxf5 Kg4 36. Nxh6+ Kh3 37. Rc3 0-1